[Event "Deltalift op"]
[Site "Tylosand"]
[Date "2023.05.18"]
[Round "4"]
[White "Olsson, William"]
[Black "Cedervall, Magnus"]
[Result "1-0"]
[WhiteElo "2355"]
[BlackElo "1929"]
[PlyCount "63"]
[EventDate "2023.05.18"]
[EventType "swiss"]
[EventRounds "8"]
[EventCountry "SWE"]
[SourceTitle "CBM 214 Extra"]
[Source "ChessBase"]
[SourceDate "2023.07.31"]
[SourceVersion "1"]
[SourceVersionDate "2023.07.31"]
[SourceQuality "1"]

1. c4 Nf6 2. g3 g6 3. Bg2 Bg7 4. Nc3 0-0 5. Nf3 d6 6. 0-0 e5 7. b4 Nc6 8. Rb1 Rb8 9. d3 Ne7 10. Bb2 Bd7 11. Qb3 Qc8 12. Rfc1 Ne8 13. Ne4 Be6 14. Neg5 h6 15. Nxe6 Qxe6 16. b5 f5 17. Qa3 g5 18. Qxa7 Nf6 19. Qa3 c5 20. bxc6 bxc6 21. c5 Ra8 22. Qb3 Nfd5 23. e4 fxe4 24. dxe4 Rfb8 25. exd5 cxd5 26. Qe3 Nf5 27. Qe1 Rxa2 28. Nd4 Nxd4 29. Bxd4 Re8 30. c6 Qc8 31. Bxd5+ Kh8 32. Bxa2 1-0

[Event "Vaxjo op"]
[Site "Vaxjo"]
[Date "2017.02.10"]
[Round "3"]
[White "Cedervall, Magnus"]
[Black "Rahul, Kumar Pune"]
[Result "0-1"]
[WhiteElo "1932"]
[BlackElo "2223"]
[PlyCount "71"]
[EventDate "2017.02.10"]
[EventType "swiss"]
[EventRounds "8"]
[EventCountry "SWE"]
[SourceTitle "CBM 176 Extra"]
[Source "ChessBase"]
[SourceDate "2017.03.02"]
[SourceVersion "1"]
[SourceVersionDate "2017.03.02"]
[SourceQuality "1"]

1. e4 d6 2. d4 Nd7 3. Be3 c6 4. f4 Qb6 5. Qc1 Ngf6 6. d5 Qb4+ 7. Nd2 cxd5 8. c3 Qa5 9. Nb3 Qc7 10. exd5 Nxd5 11. Nd4 a6 12. Ngf3 g6 13. Ng5 N7f6 14. Bd3 e5 15. fxe5 dxe5 16. Ne2 h6 17. Ne4 Ng4 18. Bg1 f5 19. N4g3 Bg7 20. c4 Nb4 21. Qd2 Nxd3+ 22. Qxd3 0-0 23. 0-0-0 Be6 24. c5 Rad8 25. Qa3 Rxd1+ 26. Kxd1 Rd8+ 27. Kc1 Qd7 28. Be3 f4 29. Nc3 Nxe3 30. Nge4 Kh7 31. Re1 Bf5 32. Nd6 b6 33. Nce4 Bxe4 34. Qb4 bxc5 35. Qxe4 Qxd6 36. Qf3 0-1

[Event "Deltalift op"]
[Site "Tylosand"]
[Date "2016.05.06"]
[Round "6"]
[White "Segerberg, Tomas Olof"]
[Black "Cedervall, Magnus"]
[Result "1-0"]
[WhiteElo "2099"]
[BlackElo "1965"]
[PlyCount "105"]
[EventDate "2016.05.05"]
[EventType "swiss"]
[EventRounds "8"]
[EventCountry "SWE"]
[SourceTitle "CBM 172 Extra"]
[Source "ChessBase"]
[SourceDate "2016.06.21"]
[SourceVersion "1"]
[SourceVersionDate "2016.06.21"]
[SourceQuality "1"]

1. c4 e5 2. Nc3 Nf6 3. Nf3 Nc6 4. a3 d5 5. cxd5 Nxd5 6. Qc2 g6 7. e3 Bg7 8. Bb5 0-0 9. Nxd5 Qxd5 10. Bxc6 bxc6 11. e4 Qb5 12. a4 Qa6 13. d3 Rd8 14. Ke2 Rb8 15. Nd2 Be6 16. f3 Rb4 17. Ra3 Rdb8 18. Rc3 R8b6 19. b3 Bh6 20. Nc4 Bxc4 21. dxc4 Bxc1 22. Rxc1 Qb7 23. c5 Qa6+ 24. Ke3 Rb8 25. Rd1 Qc8 26. Rdd3 Qe6 27. Qd1 Kg7 28. Kf2 a5 29. h3 h6 30. Ke2 Qf6 31. Qd2 Qe6 32. Qc2 Qf6 33. Kd1 Qg5 34. Qd2 Qg3 35. Kc2 Qh4 36. Rd7 R4b7 37. Kb2 Qf6 38. Ka3 Qe6 39. Qd3 h5 40. Rd8 Qe7 41. Rxb8 Rxb8 42. Rc4 Rb4 43. Qc3 Rxc4 44. Qxc4 Qd7 45. Qc3 Kf6 46. f4 Qd4 47. Qxd4 exd4 48. b4 g5 49. bxa5 gxf4 50. a6 d3 51. Kb3 Ke5 52. Kc3 Kxe4 53. Kd2 1-0